000 00626nam a2200169Ia 4500
008 090123s9999 xx 000 0 und d
082 _b33664
100 _aजायस्वाल जयनारायण
245 _aमधुमेह कारण-निवारण
250 _a4
260 _bगोपाल ग्रंथ गृह
600 _aजायस्वाल जयनारायण
630 _aमधुमेह कारण-निवारण
700 _aजायस्वाल जयनारायण
730 _aमधुमेह कारण-निवारण
942 _cBOOK
999 _c71723
_d71723